000
00336nam a22001577a 4500
003
SGT
020
_a
9788170946311
082
_a
158.4,LAL
100
_a
LALA,R.M
245
_a
IN SEARCH OF ETHICAL LEADERSHIP
250
_a
1ST
260
_a
NEW DELHI
_b
VISION BOOKS
_c
2011
300
_a
200
650
_a
PSYCHOLOGY
942
_2
ddc
_c
FCM
999
_c
9519
_d
9519